| 000 | 00337nam a2200121Ia 4500 | ||
|---|---|---|---|
| 008 | 240624s9999 xx 000 0 und d | ||
| 041 | _aeng | ||
| 082 | _a658.5 KRA | ||
| 100 | _aKRAJEWSKI LEE J | ||
| 245 | _aOPERATIONS MANAGEMENT STRATEGY AND ANALY | ||
| 260 |
_c2000 _aNew Delhi _bPearson Education |
||
| 300 | _axxxii, : 880 : p. : cm. ; 24 | ||
| 999 |
_c5200 _d5200 |
||